Countries With The Most Borders - Statistics

General Stats
  • This quiz has been taken 35 times
  • The average score is 6 of 8
Answer Stats
Hint Answer % Correct
14 Russia
100%
14 China
97%
10 Brazil
88%
9 Germany
88%
8 France
78%
9 Democratic Republic Of The Congo
75%
8 Tanzania
31%
8 Zambia
31%
No matching quizzes found
Score Distribution
Percent of People with Each Score
Percentile by Number Answered
Your Score History
You have not taken this quiz